Statistics for Oscar for Best Supporting Actor Films

Click here to take the quiz!

General Stats

  • This quiz has been taken 118 times
    (24 since last reset)
  • The average score is 46 of 88

Answer Stats

YearActorMovie% Correct
2012Cristoph WaltzDjango Unchained
94%
2023Robert Downey Jr.Oppenheimer
94%
2008Heath LedgerThe Dark Knight
94%
2013Jared LetoDallas Buyers Club
89%
2022Ke Huy QuanEverything Everywhere All At Once
89%
2009Christoph WaltzInglourious Basterds
83%
2019Brad PittOnce Upon a Time... in Hollywood
83%
2014J.K. SimmonsWhiplash
83%
1997Robin WilliamsGood Will Hunting
78%
2018Mahershala AliGreen Book
78%
2020Daniel KaluuyaJudas and the Black Messiah
72%
2016Mahershala AliMoonlight
72%
2007Javier BardemNo Country for Old Men
72%
1978Christopher WalkenThe Deer Hunter
72%
2017Sam RockwellThree Billboards Outside Ebbing, Missouri
72%
2021Troy KotsurCODA
67%
1990Joe PesciGoodfellas
67%
1996Cuba Gooding, Jr.Jerry Maguire
67%
2010Christian BaleThe Fighter
67%
1993Tommy Lee JonesThe Fugitive
67%
1974Robert De NiroThe Godfather Part II
67%
1995Kevin SpaceyThe Usual Suspects
67%
2000Benicio del ToroTraffic
67%
2015Mark RylanceBridge of Spies
61%
1989Denzel WashingtonGlory
61%
2004Morgan FreemanMillion Dollar Baby
61%
2003Tim RobbinsMystic River
61%
1992Gene HackmanUnforgiven
61%
1991Jack PalanceCity Slickers
56%
2001Jim BroadbentIris
56%
2006Alan ArkinLittle Miss Sunshine
56%
2005George ClooneySyriana
56%
1983Jack NicholsonTerms of Endearment
56%
1999Michael CaineThe Cider House Rules
56%
1987Sean ConneryThe Untouchables
56%
2002Chris CooperAdaptation
50%
1998James CoburnAffliction
50%
1988Kevin KlineA Fish Called Wanda
50%
1976Jason RobardsAll the President's Men
50%
2011Christopher PlummerBeginners
50%
1959Hugh GriffithBen-Hur
50%
1972Joel GreyCabaret
50%
1994Martin LandauEd Wood
50%
1986Michael CaineHannah and Her Sisters
50%
1977Jason RobardsJulia
50%
1950George SandersAll About Eve
44%
1982Louis Gossett, Jr.An Officer and a Gentleman
44%
1951Karl MaldenA Streetcar Named Desire
44%
1979Melvyn DouglasBeing There
44%
1985Don AmecheCocoon
44%
1953Frank SinatraFrom Here to Eternity
44%
1938Walter BrennanKentucky
44%
1980Timothy HuttonOrdinary People
44%
1960Peter UstinovSpartacus
44%
1939Thomas MitchellStagecoach
44%
1984Haing S. NgorThe Killing Fields
44%
1971Ben JohnsonThe Last Picture Show
44%
1948Walter HustonThe Treasure of the Sierra Madre
44%
1961George ChakirisWest Side Story
44%
1981John GielgudArthur
39%
1967George KennedyCool Hand Luke
39%
1944Barry FitzgeraldGoing My Way
39%
1941Donald CrispHow Green Was My Valley
39%
1963Melvyn DouglasHud
39%
1947Edmund GwennMiracle on 34th Street
39%
1955Jack LemmonMister Roberts
39%
1957Red ButtonsSayonara
39%
1962Ed BegleySweet Bird of Youth
39%
1946Harold RussellThe Best Years of Our Lives
39%
1966Walter MatthauThe Fortune Cookie
39%
1937Joseph SchildkrautThe Life of Emile Zola
39%
1975George BurnsThe Sunshine Boys
39%
1940Walter BrennanThe Westerner
39%
1965Martin BalsamA Thousand Clowns
33%
1945James DunnA Tree Grows in Brooklyn
33%
1936Walter BrennanCome and Get it
33%
1942Van HeflinJohnny Eager
33%
1956Anthony QuinnLust for Life
33%
1970John MillsRyan's Daughter
33%
1954Edmond O'BrienThe Barefoot Contessa
33%
1958Burl IvesThe Big Country
33%
1943Charles CoburnThe More the Merrier
33%
1973John HousemanThe Paper Chase
33%
1968Jack AlbertsonThe Subject Was Roses
33%
1969Gig YoungThey Shoot Horses, Don't They?
33%
1964Peter UstinovTopkapi
33%
1949Dean JaggerTwelve O'Clock High
33%
1952Anthony QuinnViva Zapata!
33%

Score Distribution

Percentile by Number Answered

Percent of People with Each Score

Your Score History

You have not taken this quiz since the last reset